000 00253nam a22001217a 4500
008 181012b xxu||||| |||| 00| 0 eng d
041 _aeng
080 _a316
100 _a50
101 _aSOC
245 _aSocial Change
_cMoore, W.E
942 _2udc
_cBK
999 _c49603
_d49603